000 01086nam a22002777a 4500
003 OSt
005 20250711153231.0
008 200909b2007 ck a|||gr|||| 00| 0 spa d
020 _a9789587045222
040 _aCO-JMCR
_cCO-JMCR
041 0 _aspa
082 0 4 _223
_aN
_bWALm
100 1 _aWalsh, María Elena,
_eautra
_910014
245 1 0 _aManuelita, ¿dónde vas?
_cMaría Elena Walsh ; ilustraciones de Lancman Ink
250 _aPrimera edición
260 _aBogotá :
_bAlfaguara,
_c2007.
300 _a156 páginas :
_bilustraciones a blanco y negro ;
_c20 cm.
490 _aAlfaguara infantil
500 _aDatos biográficos de la autora en páginas 155-156.
520 0 _aTanto alboroto se armó en el patio de la casa de la tortuga Manuelita, que se despertó. Y como no pudo volver a dormirse, decidió salir a recorrer el mundo.
521 _aDesde 10 años
_bTapa posterior.
650 2 4 _aCuentos infantiles
_zArgentina
_910015
650 2 4 _aTortugas
_xliteratura infantil
_zArgentina
_910016
700 1 _aInk, Lancman,
_eilustrador
_910017
942 _2ddc
_cBK
999 _c6832
_d6832